| 000 | 00993nam a22002777a 4500 | ||
|---|---|---|---|
| 003 | dpl | ||
| 005 | 20180628122436.0 | ||
| 008 | 180628b xxu||||| |||| 00| 0 eng d | ||
| 010 | _aA-809585 | ||
| 020 |
_c40.00 _a8186103120 |
||
| 035 | _aA-809585, A-809597 | ||
| 037 | _bCen Lib/Ret | ||
| 040 |
_aDPL _bHN _c0 |
||
| 082 |
_aउ _bहसन |
||
| 100 |
_aहसन जमाल _92233 |
||
| 245 |
_aदीनू की दुनिया / _cहसन जमाल |
||
| 246 |
_aDeenu ki duniya / _bby Hasan Zamal |
||
| 260 |
_aजोधपुर _bराजस्थानी ग्रंथागार _c1995 |
||
| 270 |
_aसोजती गेट _bजोधपुर |
||
| 300 |
_a62पृ. _c21सेमी (सजिल्द) |
||
| 650 |
_aहिन्दी साहित्य _953183 |
||
| 650 |
_aहिन्दी उपन्यास _953184 |
||
| 650 |
_aHindi - literature _953185 |
||
| 650 |
_aHindi novel _953186 |
||
| 942 |
_2ddc _cHN _hउ _mहसन |
||
| 999 |
_c113641 _d113641 |
||